| 000 | 00551nam a22001817a 4500 | ||
|---|---|---|---|
| 999 |
_c64707 _d64704 |
||
| 082 | _aR/6IT15 | ||
| 100 | _aSyed Muzamil Shah | ||
| 100 | _aRoll No. 15BS(IT)53 | ||
| 100 | _aSupervisor - Mr. Zeeshan Nizamani | ||
| 245 | _aTechno Solution Service Provider Web Portal | ||
| 260 |
_aNawabshah _bQUEST _c2019 |
||
| 300 | _a74p | ||
| 700 | _aDilshad Rajpoot (Roll No. 15BS(IT)36) | ||
| 700 | _aAmbreen Ansari (Roll No. 15BS(IT)44) | ||
| 700 | _aZain Dahri (Roll No. 15BS(IT)65) | ||
| 700 | _aMunawar Dahani (Roll No. 15BS(IT)33) | ||
| 942 | _cTHESIS | ||